Five Flags over California - Statistics

General Stats
  • This quiz has been taken 24 times
  • The average score is 4 of 5
Answer Stats
Countries % Correct
Mexico
100%
Spain
95%
United States
95%
United Kingdom
81%
Russia
52%
No matching quizzes found
Score Distribution
Percent of People with Each Score
Percentile by Number Answered
Your Score History
You have not taken this quiz